| 000 | 00545nam a22001817a 4500 | ||
|---|---|---|---|
| 005 | 20240610010033.0 | ||
| 008 | 230215b |||||||| |||| 00| 0 eng d | ||
| 020 | _a978-1-307-37964-8 | ||
| 082 | _a658.5 Op61 2019 | ||
| 245 | _aOperations management with total quality management | ||
| 260 |
_a[New York]: _bMcGraw-HIll Education, _cc2019 |
||
| 300 |
_aiv, 434p.: _bill. |
||
| 504 | _aIncludes bibliographical references | ||
| 541 | _e6550 | ||
| 650 | _aProduction management | ||
| 650 | _aTotal quality management | ||
| 650 | _aQuality control | ||
| 999 |
_c1120 _d1120 |
||